Zvyšovanie dôchodkového veku je aktuálne nielen v súvislosti s reformou
V trhových ekonomikách s vybudovaným systémom dôchodkového poistenia sa prejavuje výrazná tendencia zvyšovania veku odchodu do dôchodku. V SR sa o tomto probléme začalo hovoriť v súvislosti s reformou systému dôchodkového poistenia. Nevyhnutná podmienka reformy. Z histórie pojmu "vek odchodu do dôch...
Salvato in:
| Autore principale: | |
|---|---|
| Natura: | Capitolo di libro |
| Lingua: | slovacco |
| Soggetti: | |
| Tags: |
Nessun Tag, puoi essere il primo ad aggiungerne!!
|
MARC
| LEADER | 00000naa a2200000 4500 | ||
|---|---|---|---|
| 001 | r042038 | ||
| 005 | 20230921111622.5 | ||
| 041 | 0 | |a slo | |
| 044 | |a SK | ||
| 245 | 1 | 0 | |a Zvyšovanie dôchodkového veku je aktuálne nielen v súvislosti s reformou |c Irena Myslíková |
| 520 | |a V trhových ekonomikách s vybudovaným systémom dôchodkového poistenia sa prejavuje výrazná tendencia zvyšovania veku odchodu do dôchodku. V SR sa o tomto probléme začalo hovoriť v súvislosti s reformou systému dôchodkového poistenia. Nevyhnutná podmienka reformy. Z histórie pojmu "vek odchodu do dôchodku". Dve klasické koncepcie starobných dôchodkov. Demografický vývoj a politika. | ||
| 610 | 2 | 0 | |a dôchodky starobné |
| 610 | 2 | 0 | |a vek |
| 610 | 2 | 0 | |a poistenie dôchodkové |
| 610 | 2 | 0 | |a reformy |
| 610 | 2 | 0 | |a Slovensko |
| 610 | 2 | 0 | |a krajiny vyspelé |
| 610 | 2 | 0 | |a história |
| 610 | 2 | 0 | |a demografia |
| 100 | 1 | |a Myslíková, Irena | |